| 000 | 01019nam a22003135a 4500 | ||
|---|---|---|---|
| 001 | 16801460 | ||
| 003 | OSt | ||
| 005 | 20140310182857.0 | ||
| 008 | 110531s2010 ph ab b 001 0 eng | ||
| 010 | _a 2011308127 | ||
| 020 | _a9789715506120 | ||
| 040 |
_aDLC _cDLC |
||
| 042 | _alcode | ||
| 043 | _aa-ph--- | ||
| 050 |
_aBX 2159.C4 _b.B352 2010 |
||
| 082 |
_aFIL 232.927 _bB352 2010 |
||
| 100 | 1 | _aBautista, Julius. | |
| 245 | 1 | 0 |
_aFiguring catholicism : _ban ethnohistory of the Santo NiƱo de Cebu / _cBautista, Julius J. |
| 260 |
_aQuezon City : _bAteneo de Manila University Press, _cc2010. |
||
| 300 |
_axii, 250 p. : _bill. (some col.), maps ; _c23 cm. |
||
| 504 | _aIncludes bibliographical references (p. 233-242) and index. | ||
| 521 | _aCollege Student | ||
| 526 | _c1210L-1700L | ||
| 541 | _j1 | ||
| 562 | _eFor circulation. 1 copy available in the collection | ||
| 906 |
_a7 _bpar _corigode _d3 _encip _f20 _gy-gencatlg |
||
| 942 |
_2lcc _cBK _kFIL |
||
| 999 |
_c17047 _d17047 |
||